UK Towns that Applied for City Status in 2022 - Statistics

General Stats
  • This quiz has been taken 313 times
  • The average score is 15 of 39
Answer Stats
Country Pop % Correct
England 244 k N Northampton
82%
England 204 k R Reading
79%
England 37 k W Warwick
70%
England 130 k C Colchester
63%
Wales 45 k W Wrexham
62%
England 196 k B Bournemouth
59%
England 125 k B Blackburn
57%
England 87 k D Doncaster
56%
England 197 k M Milton Keynes
54%
England 64 k D Dudley
53%
Northern Ireland 64 k B Bangor
52%
England 78 k G Guildford
50%
England 45 k B Boston
49%
England 175 k W Warrington
49%
England 26 k N Newport and Carisbrooke
48%
England 148 k M Middlesbrough
47%
Scotland 77 k D Dunfermline
40%
Dependencies / Overseas Territories 33 k G Gibraltar
39%
England 121 k C Crawley
38%
England 21 k D Dorchester
37%
England 74 k C Crewe
34%
Dependencies / Overseas Territories 2 k S Stanley
30%
England 280 k M Medway
28%
Scotland 8 k O Oban
28%
Dependencies / Overseas Territories 27 k D Douglas
27%
Scotland 34 k D Dumfries
27%
Scotland 66 k L Livingston
26%
England 20 k G Goole
24%
Northern Ireland 31 k B Ballymena
23%
Scotland 25 k E Elgin
20%
Northern Ireland 26 k C Coleraine
19%
Dependencies / Overseas Territories 35 k G George Town
18%
Scotland 17 k S St Andrews
17%
Scotland 65 k G Greenock
13%
England 11 k B Bolsover
11%
Scotland 112 k S South Ayrshire
10%
England 1 k M Marazion
7%
England 6 k A Alcester
6%
Dependencies / Overseas Territories 6 k P Peel
3%
No matching quizzes found
Score Distribution
Percent of People with Each Score
Percentile by Number Answered
Your Score History
You have not taken this quiz